Abc of Science and Technology (Record no. 4625)
[ view plain ]
| 000 -LEADER | |
|---|---|
| fixed length control field | 00231nam a22000857a 4500 |
| 008 - FIXED-LENGTH DATA ELEMENTS--GENERAL INFORMATION | |
| fixed length control field | 161206b xxu||||| |||| 00| 0 eng d |
| 100 ## - MAIN ENTRY--PERSONAL NAME | |
| 9 (RLIN) | 1875 |
| Personal name | Sharma. R. K |
| 245 ## - TITLE STATEMENT | |
| Title | Abc of Science and Technology |
| 260 ## - PUBLICATION, DISTRIBUTION, ETC. (IMPRINT) | |
| Place of publication, distribution, etc. | New delhi |
| Name of publisher, distributor, etc. | Holy faith |
| Date of publication, distribution, etc. | 2006 |
| Withdrawn status | Lost status | Source of classification or shelving scheme | Damaged status | Koha normalized classification for sorting | Not for loan | Home library | Current library | Shelving location | Date acquired | Total Checkouts | Full call number | Barcode | Date last seen | Price effective from | Koha item type | Date last checked out |
|---|---|---|---|---|---|---|---|---|---|---|---|---|---|---|---|---|
| Dewey Decimal Classification | 500_000000000000000 | Good Samaritan School Library | Good Samaritan School Library | Science | 12/06/2016 | 500 | SHA4364 | 12/06/2016 | 12/06/2016 | BOOK | ||||||
| Dewey Decimal Classification | 500_000000000000000 | Good Samaritan School Library | Good Samaritan School Library | Science | 12/06/2016 | 500 | SHA4365 | 12/06/2016 | 12/06/2016 | BOOK | ||||||
| Dewey Decimal Classification | 500_000000000000000 | Good Samaritan School Library | Good Samaritan School Library | Science | 12/06/2016 | 1 | 500 | SHA4366 | 02/13/2020 | 12/06/2016 | BOOK | 01/30/2020 | ||||
| Dewey Decimal Classification | 500_000000000000000 | Good Samaritan School Library | Good Samaritan School Library | Science | 12/06/2016 | 500 | SHA4367 | 12/06/2016 | 12/06/2016 | BOOK |